EG green awards (Record no. 81018)

MARC details
000 -LEADER
fixed length control field 00870cab a22001935a 4500
001 - CONTROL NUMBER
control field L146083
008 - FIXED-LENGTH DATA ELEMENTS--GENERAL INFORMATION
fixed length control field 081208e20081206xxkao f 000 0 eng d
035 ## - SYSTEM CONTROL NUMBER
System control number (Sirsi) u146083
041 0# - LANGUAGE CODE
Language code of text/sound track or separate title eng
110 2# - MAIN ENTRY--CORPORATE NAME
Corporate name or jurisdiction name as entry element Estates Gazette
9 (RLIN) 298
245 00 - TITLE STATEMENT
Title EG green awards
260 ## - PUBLICATION, DISTRIBUTION, ETC.
Date of publication, distribution, etc. 2008
490 ## - SERIES STATEMENT
Series statement Estates Gazette
Volume/sequential designation (0848) 6 December 2008, 52-55(4)
520 ## - SUMMARY, ETC.
Summary, etc. Article presents the results from the inaugural Estates Gazette Green Awards. Awards included: overall green development of the year, green property adviser of the year, green property company of the year and industrial development of the year. The entire awards process was carried out online to help minimise the environmental impact of printing etc.
590 ## - LOCAL NOTE (RLIN)
Local note KA
651 #4 - SUBJECT ADDED ENTRY--GEOGRAPHIC NAME
Geographic name England and Wales
Chronological subdivision 1543-
690 ## - LOCAL SUBJECT ADDED ENTRY--TOPICAL TERM (OCLC, RLIN)
Topical term or geographic name as entry element ENVIRONMENTAL AND LAND CONSULTANCY-ENERGY-ENERGY USE-ENERGY EFFICIENCY
942 ## - ADDED ENTRY ELEMENTS (KOHA)
Suppress in OPAC 0
Holdings
Withdrawn status Lost status Source of classification or shelving scheme Damaged status Not for loan Home library Current library Shelving location Date acquired Total Checkouts Full call number Barcode Date last seen Copy number Price effective from Koha item type
    Dewey Decimal Classification     London London Journal article 08/12/2008   L146083 146083-1001 06/08/2019 1 06/08/2019 Journal article